00452nam a2200181 a 4500001001300000003000900013005001700022008004100039020002300080082001400103100001500117245002500132260004600157300000900203500003500212505001000247650001300257nice12345678IN_TiNIC20260116013115.0050524s1978 newa grp 000 0 eng  a0671102 c24500a230bKUN1 aKung, Hans aOn Being a Christian aNew York bWashington Square Press c1978 a720p aincludes index and biblioraphy2 aIndex aTheology